Social research (Record no. 1437966)

MARC details
000 -LEADER
fixed length control field 00491nam a2200181Ia 4500
005 - DATE AND TIME OF LATEST TRANSACTION
control field 20250923144351.0
008 - FIXED-LENGTH DATA ELEMENTS--GENERAL INFORMATION
fixed length control field 008 250917s9999 xx 000 0 eng d
037 ## - SOURCE OF ACQUISITION
Stock number Textual
040 ## - CATALOGING SOURCE
Original cataloging agency DSWL
Language of cataloging eng
Transcribing agency DSWL
041 ## - LANGUAGE CODE
Language code of text/sound track or separate title eng
Source of code eng
084 ## - COLON CLASSIFICATION NUMBER
Classification number Y:f, N29
Assigning agency DSWL
100 ## - MAIN ENTRY--PERSONAL NAME
Personal name Lundberg, George A
9 (RLIN) 824161
245 #0 - TITLE STATEMENT
Title Social research
Statement of responsibility, etc. by George A Lundberg
260 ## - PUBLICATION, DISTRIBUTION, ETC.
Place of publication, distribution, etc. New York
Date of publication, distribution, etc. 1949
300 ## - PHYSICAL DESCRIPTION
Extent 426 p.
942 ## - ADDED ENTRY ELEMENTS (KOHA)
Koha item type Textual
Classification part Y:f, N29
Holdings
Withdrawn status Lost status Damaged status Not for loan Home library Current library Date acquired Total Checkouts Full call number Barcode Date last seen Price effective from Koha item type
        Department of Social Work Library Department of Social Work Library 2025-09-23   Y:f, N29 SW0001875 2025-09-23 2025-09-23 Textual
Copyright @ Delhi University Library System